000
00327nam a2200133 a 4500
001
4144
005
20140414131901.0
008
090317s19uu xx 00 eng d
050
_a
FIC
_b
C58 1981
100
_a
Cleary, Beverly
245
_a
Ramona Quimby, age 8.
260
_a
New York :
_b
Scholastic ,
_c
1981.
999
_c
110673
_d
110673